000 00511nam a22001577a 4500
003 OSt
005 20150907073210.0
008 150907b xxu||||| |||| 00| 0 eng d
040 _cRUA
082 _aAGR ហ៊ឹម 1990 B001 Or.1
100 _9136
_aហ៊ឹម សាមិត្ត
245 _aទិន្នផលស្ពៃក្ដោបអាស្រ័យដោយចំនួនគុម្ពនិងជី
260 _aPhnom Penh
_bRUA
_c1990
300 _a143p.
_bill.
_c29cm.
942 _2ddc
_cAGR
999 _c120
_d120